[Event "AN PASAN Sofia - ALCOR Bucuresti"]
[Site "Vonesta Voda"]
[Date "2016.12.26"]
[Round "1.1"]
[White "Pavlov, Vladimir"]
[Black "Stefan, Mihai"]
[Result "0-1"]
[WhiteElo "1903"]
[BlackElo "1893"]
[PlyCount "60"]
[EventDate "2016.12.26"]
[EventType "schev"]
[EventRounds "6"]
[EventCountry "BUL"]

1. e4 c5 2. Nc3 a6 3. g3 g6 4. Bg2 Bg7 5. Nge2 Nc6 6. O-O b5 (6... e6 7. d3
Nge7 8. Be3 Nd4 9. Qd2 Nec6 (9... d6 10. Nd1 O-O 11. c3 Nxe2+ 12. Qxe2 Bd7 13.
f4 Qc7 14. g4 f5 15. Nf2 Rae8 16. Rfd1 {
1/2 (16) Toth,B (1905)-Horvat,S (1892) Hungary 2015}) 10. Rab1 O-O 11. h4 Qa5
12. a3 b5 13. f4 d6 14. e5 d5 15. b4 Qxa3 16. Bxd4 cxd4 17. Rb3 dxc3 18. Qxc3
Qxb3 19. Qxb3 Bd7 20. h5 Rfc8 21. hxg6 {
Zakhvatov,V (2360)-Panikarovsky,A (2335) Cherepovets 1997 1-0 (31)}) 7. f4 $146
(7. a3 e6 8. d3 Nge7 9. Bg5 O-O 10. Qd2 Bb7 11. Bh6 Qc7 12. Bxg7 Kxg7 13. f4 f5
14. Qe3 Na7 15. Rae1 Rac8 16. h3 Rf7 17. Qf2 a5 18. Nd1 d5 19. exf5 exf5 20.
Nd4 Qd6 21. Ne6+ Kg8 {Djordjevic,V (2232)-Stojkovic,Z (1953) Nis 2014 1-0 (38)}
) (7. d4 Nxd4 8. Nxd4 Bxd4 9. Ne2 Bg7 10. c3 e6 11. f4 Ne7 12. g4 d5 13. e5 O-O
14. h4 Bh6 15. g5 Bg7 16. Be3 Qc7 17. Ng3 h5 18. gxh6 Bxh6 19. h5 Nf5 20. Nxf5
gxf5 {0-1 (20) Kawa,B (1990)-Krynicki,H (1705) Jastrzebia Gora 2014}) (7. d3 e6
8. Rb1 Nge7 9. Be3 Qa5 10. Qc1 Bb7 11. a3 Nd4 12. b4 cxb4 13. Nxd4 bxc3 14. Nb3
Qc7 15. Nc5 Bc6 16. d4 d6 17. Nd3 Qb7 18. f3 O-O 19. Rb3 Qb6 20. e5 Nd5 21. Bf2
Rac8 {Hutinovic,H-Zaper,M (2005) Omis 2005 0-1 (47)}) 7... Bb7 8. Nd5 (8. e5 $5
$16) 8... e6 9. Ne3 Qb6 10. Kh1 (10. c3 $5 $11) 10... Nge7 11. f5 (11. a4 O-O
$11) 11... exf5 $15 12. exf5 Nd4 13. fxg6 hxg6 14. Nxd4 cxd4 15. Ng4 (15. Bxb7
$142 $5 Qxb7+ 16. Ng2 $15) 15... f5 $19 16. Nf2 Be5 17. Kg1 (17. Bxb7 Qxb7+ 18.
Kg1 d3 $17) 17... Bxg2 18. Kxg2 Qc6+ 19. Kg1 Rc8 $4 (19... d3 $142 $5 20. Nxd3
Bxg3 $19) 20. c3 (20. Re1 Bd6 $17) 20... d3 21. Qe1 (21. Nxd3 Qb6+) 21... Qd6
22. Nxd3 Qxd3 23. Qxe5 Rxh2 24. Re1 (24. Kxh2 $5 Qxf1 25. d4 Qf2+ 26. Kh1 $11)
24... Rh7 $17 25. Re3 Qc2 26. Re1 $4 (26. Kf2 $142 $15) 26... Rc6 $19 27. Qd4 (
27. Rf1 Re6 28. Qb8+ Kf7 $19) 27... Re6 28. Qf2 (28. Rf1 Re2 29. Qf4 $19) 28...
Rxe1+ 29. Qxe1 Qd3 30. a4 (30. Kf2 Rh2+ 31. Kg1 $19) 30... Qf3 0-1

[Event "AN PASAN Sofia - ALCOR Bucuresti"]
[Site "Vonesta Voda"]
[Date "2016.12.26"]
[Round "1.1"]
[White "Kolev, Lachezar"]
[Black "Chivulescu, Adrian-Alexandru"]
[Result "0-1"]
[WhiteElo "1856"]
[BlackElo "1750"]
[PlyCount "62"]
[EventDate "2016.12.26"]
[EventType "schev"]
[EventRounds "6"]
[EventCountry "BUL"]

1. e4 e5 2. Nf3 Nc6 3. Nc3 Nf6 4. d4 exd4 5. Nxd4 Bb4 6. Nxc6 bxc6 7. Bd3 O-O
8. O-O d5 9. exd5 cxd5 10. Bg5 c6 11. Na4 Be6 12. a3 (12. Rc1 Bd6 13. c4 h6 14.
Bh4 d4 15. f4 c5 16. h3 Re8 17. b3 Bd7 18. Nb2 Qc7 19. Bxf6 gxf6 20. Qf3 Kf8
21. Be4 Rac8 22. Nd3 Bc6 23. Rce1 Rxe4 24. Rxe4 f5 25. Qh5 Bxe4 26. Qxh6+ Ke7 {
Tomescu,V (2435)-Urzica,A (2370) Bucharest 1993 0-1 (31)}) 12... Be7 13. Rc1
$146 (13. b4 a5 14. Nc5 Qc7 15. Bh4 axb4 16. axb4 Qf4 17. Bxf6 Bxf6 18. Rb1
Rfb8 19. b5 Qd6 {1/2 (19) Mayrhuber,T (1896)-Albadri,S (1839) Vienna 2013}) (
13. b4 Qb8 14. Nc5 Ng4 $11) 13... Qc7 14. Bxf6 Bxf6 (14... gxf6 $143 15. Qh5 f5
16. Bxf5 Bxf5 17. Qxf5 $16) 15. c4 Bg5 16. Rc2 dxc4 17. Bxc4 Bf5 18. Rc3 Bf6
19. Rc1 Qf4 20. g3 Qg5 21. Re1 Bg4 (21... Rad8 $142 22. Qf3 Rd2 $15) 22. Be2 $4
(22. Qc2 $142 $11) 22... Rad8 $19 23. f4 $2 (23. Qc2 Rd2 24. Qxd2 Qxd2 25. Bxg4
$19) 23... Qa5 24. Qb3 Bd4+ 25. Kg2 Rfe8 26. Qc4 (26. Nc3 Bxc3 27. Qxc3 Qxc3
28. Rxc3 Rd2 $19) 26... Rxe2+ (26... Bxe2 $142 27. Rxe2 Qd5+ 28. Qxd5 Rxe2+ 29.
Kf3 Rf2+ 30. Ke4 Rxd5 31. Rxc6 $19) 27. Rxe2 Bxe2 28. Qxe2 Qxa4 29. Rc4 Qb5 30.
b4 (30. Rc2 $19) 30... Qd5+ 31. Kh3 h6 0-1

[Event "AN PASAN Sofia - ALCOR Bucuresti"]
[Site "Vonesta Voda"]
[Date "2016.12.26"]
[Round "1.1"]
[White "Nanovski, Stiliyan"]
[Black "Stepanencu, Nicodim-Cosmin"]
[Result "1-0"]
[WhiteElo "1781"]
[BlackElo "1688"]
[PlyCount "115"]
[EventDate "2016.12.26"]
[EventType "schev"]
[EventRounds "6"]
[EventCountry "BUL"]

1. c4 e6 2. Nc3 Nf6 3. d4 d5 4. Bg5 Be7 5. Nf3 Nbd7 6. e3 O-O 7. cxd5 exd5 8.
Bd3 c6 9. O-O Ne4 10. Bxe7 Qxe7 11. Qc2 f5 12. a3 Rf6 13. b4 a6 (13... Rh6 14.
b5 g5 15. g3 g4 16. Nh4 Nf8 17. Ne2 Ng6 18. Ng2 Ng5 19. Ne1 Nf3+ 20. Nxf3 gxf3
21. Nf4 Nxf4 22. exf4 Qf7 23. Rfe1 Bd7 24. Re5 Rf8 25. Rae1 Qh5 26. h4 Kh8 27.
R1e3 cxb5 28. Rxd5 {Parry,M (1703)-Lewis,C (1731) England 2014 1-0 (46)}) 14.
a4 $146 (14. Na4 Rh6 15. Nc5 Ndf6 16. Ne5 Nxc5 17. bxc5 Ng4 18. Nxg4 fxg4 19.
Rfb1 Qh4 20. h3 gxh3 21. g3 h2+ 22. Kh1 Qh5 23. Bf1 Bf5 24. Qd2 Qf3+ {
0-1 (24) Ederer,R (1903)-Woerl,R (1928) Forchheim 2005}) (14. Rfb1 Rh6 15. a4
g5 16. g3 Nf8 17. Ne5 g4 18. b5 Ng6 19. bxc6 Nxe5 20. dxe5 bxc6 21. Bxe4 fxe4
22. Ne2 Qxe5 23. Nf4 a5 24. Qb2 Qxb2 25. Rxb2 Ba6 26. Rb6 Bc4 27. Rab1 Ra7 28.
Rb8+ Kf7 {Hernandez,J (2280)-Serrano Marhuenda,S (2250) St Cugat 1992 0-1 (52)}
) (14. g3 b6 $11) 14... Qxb4 $11 15. Ne2 Qd6 (15... a5 16. Rab1 Qe7 17. h4 $11)
16. Nf4 Rh6 17. Rab1 Ndf6 18. Ne5 g5 19. f3 gxf4 20. exf4 Nh5 (20... Qa3 $142
$5 21. fxe4 fxe4 $15 (21... Nxe4 $143 22. Bxe4 dxe4 23. Rb3 $16)) 21. fxe4 $14
fxe4 22. Be2 Qf6 23. Qc3 Ng7 24. Qg3 (24. Bg4 Qh4 25. h3 Nh5 26. Bxh5 Rxh5 $16)
24... Qe7 (24... Qh4 $5 25. Qxh4 Rxh4 $11) 25. f5 Kh8 $2 (25... Rf6 $142 $14)
26. Ng4 $18 Rf6 (26... Nxf5 27. Rxf5 Rg6 28. Re5 $18) 27. Nxf6 Qxf6 28. Qe5
Qxe5 29. dxe5 Nxf5 $2 (29... Bxf5 30. Rxb7 Bg6 $18) 30. Bg4 Ne7 31. Rf8+ Kg7
32. Rbf1 Bxg4 (32... Nf5 33. Rd8 (33. R1xf5 $6 Bxf5 34. Rxf5 b5 $16) (33. R8xf5
$6 Bxf5 34. Rxf5 b5 $16) 33... Ne3 34. Bxc8 (34. Rxc8 Rxc8 35. Bxc8 Nxf1 36.
Kxf1 b5 $18) 34... Nxf1 35. Kxf1 $18) 33. Rxa8 Bc8 (33... Ng6 34. Ra7 Nxe5 35.
Rxb7+ Kg6 36. Re7 $18) 34. Kf2 (34. e6 $142 Kg6 35. Rf7 Bxe6 36. Rxe7 $18)
34... d4 (34... c5 35. Ke3 c4 36. Kd4 $18) 35. Ke1 c5 (35... Kg6 36. Rf6+ Kg7
$18) 36. Rf4 (36. e6 $142 Bxe6 37. Re8 $18) 36... e3 $16 37. Rb8 d3 38. e6 (38.
h3 $142 $16) 38... Kg6 $4 (38... Nd5 39. Rc4 (39. Rxc8 $4 d2+ (39... Nxf4 $4
40. e7 Nxg2+ 41. Kf1 $18) 40. Ke2 Nc3+ 41. Kxe3 d1=Q 42. Rf7+ Kh6 43. Rf6+ Kg5
44. Rxc5+ Kxf6 45. Rxc3 Qe1+ 46. Kd4 Qe5+ 47. Kd3 Qxe6 $19) 39... Bxe6 40.
Rxb7+ (40. Rxc5 d2+ 41. Kd1 Bg4+ 42. Kc2 d1=Q+ 43. Kb2 Qd4+ 44. Kb1 Qxc5 45.
Rxb7+ Kf6 46. g3 Qa3 47. Rb6+ Nxb6 48. Kc2 Nxa4 49. h3 Qc3+ 50. Kb1 Qb2#) 40...
Kf6 41. Rb2 $15) 39. Re4 (39. Rf3 $142 d2+ 40. Ke2 Bxe6 41. Rxe3 Bc4+ 42. Kxd2
$18) 39... d2+ $16 40. Kd1 $4 (40. Ke2 $142 Nd5 41. e7 $16) 40... Nd5 $17 41.
Rxe3 $4 (41. e7 Nc3+ 42. Kc2 d1=Q+ 43. Kxc3 Qd2+ 44. Kc4 Qc2+ 45. Kd5 Qd3+ 46.
Ke5 $15) 41... Nxe3+ $19 42. Kxd2 Nc4+ 43. Kd3 Nd6 44. g4 (44. e7 Kf7 $19)
44... Kf6 45. h4 (45. h3 Kxe6 46. Kc2 Ke5 $19) 45... Kxe6 46. g5 Kf5 47. Ke3
Kg4 48. a5 Kf5 (48... Bf5 49. Ke2 c4 50. Kd2 Kxh4 51. Kc3 $19) 49. Kd3 (49. Ra8
Ke5 50. h5 Kf5 $19) 49... Ke5 (49... Kf4 $142 $5 50. Kd2 $19) 50. Ke3 c4 51.
Kd2 Kd4 52. Kc2 (52. Kc1 $19) 52... c3 53. Kc1 Kd3 (53... Bf5 $142 54. Rf8 Ke5
$19) 54. h5 $14 Kc4 55. g6 hxg6 $4 (55... h6 $142 $14) 56. h6 $18 Be6 (56...
Bf5 57. h7 Ne4 58. h8=Q $18) 57. h7 Nf7 58. Rf8 1-0

[Event "AN PASAN Sofia - ALCOR Bucuresti"]
[Site "Vonesta Voda"]
[Date "2016.12.26"]
[Round "1.1"]
[White "Hristov, Deyan"]
[Black "Schiopu, Andreea-Alexandra"]
[Result "1-0"]
[WhiteElo "1495"]
[BlackElo "1620"]
[PlyCount "57"]
[EventDate "2016.12.26"]
[EventType "schev"]
[EventRounds "6"]
[EventCountry "BUL"]

1. e4 d5 2. exd5 Qxd5 3. Nc3 Qa5 4. Bc4 Nf6 5. d4 c6 6. h3 Bf5 7. Nf3 e6 8. a3
Bd6 9. Bd2 Qc7 10. Nh4 Bg6 11. Nxg6 hxg6 12. Qe2 Nbd7 $146 (12... O-O 13. Ne4
Nxe4 14. Qxe4 Nd7 15. Bg5 Qa5+ 16. Bd2 Qf5 17. Qxf5 gxf5 18. g4 Nf6 19. O-O-O
Ne4 20. Rdf1 c5 21. d5 Nxd2 22. Kxd2 exd5 23. Bxd5 Rad8 24. c4 f4 25. g5 g6 26.
f3 Kg7 27. Rh2 {Kessens,F (1782)-Schaar,A (1993) Verden 2010 0-1 (52)}) 13. d5
Nxd5 14. Nxd5 cxd5 15. Bxd5 Be5 16. Bxe6 $4 (16. Bf3 $142 $11) 16... fxe6 $19
17. f4 $2 (17. O-O-O O-O 18. Kb1 $19) 17... Bxf4 (17... Bxb2 $142 18. Rb1 Bc3
$19) 18. Qxe6+ $17 Kd8 19. O-O-O g5 $4 (19... Rc8 $142 20. Qxd7+ Qxd7 21. Bxf4
Re8 $15) 20. Rhe1 $18 Qc6 (20... a5 21. Bxf4 gxf4 $18) 21. Qe7+ $4 (21. Bxf4
$142 Qxe6 22. Rxe6 gxf4 23. Red6 $18) 21... Kc7 $4 (21... Kc8 $142 $16) 22.
Bxf4+ $18 gxf4 23. Re6 Qb5 24. Rd3 Rac8 (24... b6 25. c4 Qxc4+ 26. Rc3 Qxc3+
27. bxc3 $18) 25. Qd6+ Kd8 26. Re7 Rc7 27. Re5 Qxd3 (27... Rxc2+ 28. Kxc2 Qc6+
29. Qxc6 bxc6 $18) 28. Qe7+ Kc8 29. Qe8+ $3 (29. Qe8+ Rxe8 30. Rxe8#) 1-0

[Event "AN PASAN Sofia - ALCOR Bucuresti"]
[Site "Vonesta Voda"]
[Date "2016.12.26"]
[Round "1.1"]
[White "Lenkova, Lyubomira"]
[Black "Ulian, Andrei-Octavian"]
[Result "0-1"]
[WhiteElo "1260"]
[BlackElo "1487"]
[PlyCount "56"]
[EventDate "2016.12.26"]
[EventType "schev"]
[EventRounds "6"]
[EventCountry "BUL"]

1. d4 Nf6 2. Nf3 d5 3. c4 e6 4. Nc3 Be7 5. Bg5 h6 6. Bh4 O-O 7. e3 b6 8. Bd3
Bb7 9. O-O Nbd7 10. Re1 Rc8 (10... c5 11. Qe2 Ne4 12. Bxe7 Qxe7 13. Rac1 Rfd8
14. Red1 Rac8 15. dxc5 Ndxc5 16. cxd5 Nxc3 17. Rxc3 Bxd5 18. Bb1 Qb7 19. Ne1
Be4 20. Bxe4 Qxe4 21. Rdc1 Qb7 22. Qc2 Ra8 23. b4 Ne4 24. Rc7 Qd5 25. Rc4 {
Berchtenbreiter,M (2148)-Oparin,G (2257) Moscow 2009 0-1 (57)}) (10... Ne4 11.
Bxe7 Qxe7 12. Ne5 Nxe5 13. dxe5 Nxc3 14. bxc3 dxc4 15. Bxc4 Qg5 16. f4 Qxg2# {
0-1 (16) Apostolakaki,E-Kouta,A (1389) Greece 2014}) 11. b3 c5 12. Rc1 Re8 $146
(12... cxd4 13. exd4 Re8 14. Ne5 dxc4 15. bxc4 Nxe5 16. dxe5 Nd7 17. Bxe7 Rxe7
18. Nb5 Ra8 19. Be4 Bxe4 20. Rxe4 Nc5 21. Rd4 Rd7 22. Nd6 Qg5 23. f4 Qg6 24.
Rc2 Rad8 25. Rcd2 f6 26. Qe2 fxe5 27. fxe5 {
Ismailova,P-Aginian,N Szombathely 1993 1-0 (67)}) (12... a6 13. e4 cxd4 14.
Nxd4 dxc4 15. bxc4 Ne5 16. Bf1 Nxc4 17. e5 Nd5 18. Bxe7 Qxe7 19. Nxd5 Bxd5 20.
Bxc4 Bxc4 21. Qa4 b5 22. Qxa6 Ra8 23. Qc6 Rxa2 24. Nxb5 Bd5 25. Qd6 Qh4 26. Qc5
Qg4 27. Qxf8+ {Bejarano,V-Salas,L Onati 1994 0-1}) 13. e4 (13. cxd5 exd5 14.
dxc5 bxc5 $11) 13... Nxe4 (13... dxe4 14. Nxe4 cxd4 15. Nxd4 Nxe4 16. Bxe7 Rxe7
17. Bxe4 Bxe4 18. Rxe4 $17) 14. Bxe7 (14. Nxe4 $142 $5 dxe4 15. Bxe7 Rxe7 16.
Bxe4 Bxe4 17. Rxe4 $11) 14... Nxc3 $17 (14... Qxe7 $6 15. Nxe4 (15. Bxe4 $143
dxe4 16. Nxe4 Red8 $15) 15... dxe4 16. Bxe4 Bxe4 17. Rxe4 $11) 15. Bxd8 Nxd1
16. Rcxd1 (16. Rexd1 Rexd8 (16... Rcxd8 $6 17. cxd5 Bxd5 18. Bb5 $15) 17. cxd5
Bxd5 $17) 16... Rcxd8 (16... Rexd8 17. cxd5 Bxd5 18. Be2 $17) 17. a3 (17. cxd5
Bxd5 18. dxc5 Nxc5 $17) 17... Nf6 (17... dxc4 $142 18. Bxc4 Bxf3 19. gxf3 cxd4
$19) 18. b4 $2 (18. cxd5 $142 Nxd5 19. Be4 $17) 18... dxc4 $19 19. Bxc4 Bxf3
20. gxf3 Rxd4 21. Rxd4 cxd4 22. Rd1 Rd8 23. f4 (23. Kf1 g5 $19) 23... Nh5 24.
Kg2 (24. f5 exf5 25. Kf1 Nf4 $19) 24... Nxf4+ 25. Kf3 Ng6 (25... g5 $142 $19)
26. Ke4 (26. Bd3 f5 27. Rc1 $19) 26... f5+ 27. Kf3 (27. Kd3 Ne5+ 28. Kc2 Nxc4
$19) 27... Ne5+ 28. Ke2 Nxc4 0-1

[Event "AN PASAN Sofia - ALCOR Bucuresti"]
[Site "Vonesta Voda"]
[Date "2016.12.27"]
[Round "2.1"]
[White "Stefan, Mihai"]
[Black "Stoyanov, Georgi"]
[Result "1-0"]
[WhiteElo "1893"]
[BlackElo "1895"]
[PlyCount "95"]
[EventDate "2016.12.26"]
[EventType "schev"]
[EventRounds "6"]
[EventCountry "BUL"]

1. d4 Nf6 2. c4 e6 3. Nc3 c5 4. d5 exd5 5. cxd5 d6 6. e4 g6 7. f4 Bg7 8. Nf3
O-O 9. Be2 Re8 10. e5 dxe5 11. fxe5 Ng4 12. e6 fxe6 13. d6 Bd7 14. O-O c4 (
14... Qb6 15. Ne4 Rf8 16. Nfg5 Bd4+ 17. Kh1 Nf6 18. Nxf6+ Rxf6 19. Rxf6 Bxf6
20. Qf1 Qd8 21. Ne4 Bd4 22. Bg5 Qf8 23. Bf3 Qf5 24. Qe2 Bc6 25. Re1 {
1/2 (25) Bosiocic,M (2555)-Housieaux,D (2452) Sibenik 2012}) (14... Nc6 15. Ne4
Qb6 16. Kh1 Rf8 17. h3 Nf6 18. Nxf6+ Rxf6 19. Bg5 Rf5 20. Qe1 Nd4 21. Nxd4 Rxg5
22. Nf3 Rf5 23. Rd1 Qd8 24. Bd3 Rf8 25. Bc4 Re8 26. Ne5 b5 27. Bd3 c4 28. Nf7
Qb6 29. Be4 {Chekletsov,I (2182)-Abramov,I (1900) Khanty-Mansiysk 2016 1-0 (38)
}) 15. Kh1 Bc6 $146 (15... b5 16. Ng5 Nf6 17. Bf3 Nc6 18. Nxb5 h6 19. Ne4 Rf8
20. Nc5 Qb6 21. Nxd7 Nxd7 22. Nc7 Rac8 23. Nxe6 Rf6 24. Nxg7 Kxg7 25. Bd2 Nd4
26. Bc3 Rxd6 27. Qe2 Rf8 28. Rad1 Nf6 29. Qxc4 Nxf3 30. Rxd6 {
Colpe,M (2349)-Bandow,A (2044) Berlin 2012 1-0 (38)}) (15... Qb6 16. Qe1 Nc6
17. Qh4 $11) 16. Ng5 (16. Bxc4 Qb6 17. Qe2 Bxf3 18. gxf3 $16 (18. Qxf3 $6 Ne5
19. Qe2 Nxc4 20. Qxc4 Qxd6 $11)) 16... Ne5 $11 17. Bf4 Nbd7 18. Qd2 (18. b4 b5
19. a4 a6 $17) 18... h6 (18... b5 19. a4 a6 20. Qc2 $17) 19. Nge4 (19. Nf3 Bxf3
20. gxf3 Qh4 $11) 19... g5 20. Bg3 (20. Nxg5 hxg5 21. Bxg5 Qa5 $17) 20... b5
$15 21. a4 $4 (21. a3 a5 22. Qe3 b4 $17) 21... a6 $4 (21... b4 $142 22. Nb5
Bxe4 $19) 22. Nf2 (22. Bxe5 $5 Nxe5 23. Nc5 $15) 22... Qb8 23. Bh5 Rf8 24. Ng4
Qb7 (24... b4 25. Na2 a5 26. Rfe1 $19) 25. Qe2 (25. Nxe5 Nxe5 26. Bxe5 Bxe5 27.
Qe2 $11) 25... Nxg4 $19 26. Bxg4 e5 (26... b4 $142 $5 27. Na2 Kh8 $19) 27. Be6+
Kh8 28. Bxd7 Qxd7 (28... Rxf1+ 29. Rxf1 Qxd7 30. Bxe5 $17) 29. Bxe5 $15 Rae8
30. Rxf8+ (30. axb5 axb5 31. Bxg7+ Kxg7 $15) 30... Rxf8 $15 31. axb5 axb5 32.
Bxg7+ Qxg7 (32... Kxg7 33. Qe5+ Rf6 34. Rd1 $11) 33. h3 Qd7 (33... g4 34. hxg4
b4 35. Qxc4 $11) 34. Qe5+ $14 Qg7 35. Qc5 (35. Qxg7+ Kxg7 36. Ra7+ Kf6 37. Rc7
$11) 35... Bb7 $2 (35... Bd7 $11) 36. Qxb5 $4 (36. Rd1 $142 Qd7 37. Nd5 $16)
36... g4 $15 37. Qh5 gxh3 38. Qxh3 Bc6 (38... Rf2 $142 $5 39. Rg1 Rd2 $11) 39.
Re1 $14 Rf2 $4 (39... Qf6 $142 40. Ne4 Bxe4 41. Rxe4 Qxd6 42. Qc3+ Kh7 43. Qxc4
Rf5 $14) 40. Qc8+ $18 Qf8 (40... Rf8 41. Qxc6 Qg3 $18) 41. Qxc6 Rf1+ 42. Rxf1
Qxf1+ 43. Kh2 Qf4+ 44. g3 Qf2+ 45. Qg2 Qc5 46. Qa8+ Kg7 47. Qb7+ Kh8 48. Qb8+
1-0

[Event "AN PASAN Sofia - ALCOR Bucuresti"]
[Site "Vonesta Voda"]
[Date "2016.12.27"]
[Round "2.1"]
[White "Chivulescu, Adrian-Alexandru"]
[Black "Pavlov, Vladimir"]
[Result "1-0"]
[WhiteElo "1750"]
[BlackElo "1903"]
[PlyCount "85"]
[EventDate "2016.12.26"]
[EventType "schev"]
[EventRounds "6"]
[EventCountry "BUL"]

1. d4 f5 2. Nf3 Nf6 3. g3 g6 4. Bg2 Bg7 5. O-O O-O 6. c4 h6 7. Nc3 d6 8. Qc2 c6
(8... Na6 9. Nh4 Qe8 10. f4 c5 11. d5 Nc7 12. e4 e6 13. Bd2 exd5 14. cxd5 Ng4
15. e5 dxe5 16. h3 exf4 17. hxg4 fxg3 18. Rae1 Qf7 19. Ne4 Nb5 20. gxf5 Bxf5
21. Nxf5 gxf5 22. Nxg3 Nd4 23. Qxc5 {
Maiwald,J (2375)-Pedersen,S (2360) Duisburg 1992 1-0}) 9. b3 Nbd7 10. Bb2 Qe8
$146 (10... e5 11. dxe5 dxe5 12. e4 f4 13. gxf4 Nh5 14. f5 Nf4 15. Ne2 Nxg2 16.
Kxg2 gxf5 17. Ng3 f4 18. Nf5 Rxf5 19. exf5 e4 20. Qxe4 Bxb2 21. Qe6+ Kh7 22.
Qg6+ Kh8 23. Rae1 Qg8 24. Re8 Nf8 25. Nh4 {
Kleibaumhueter,K (2066)-Naegele,H (1901) Dresden 2014 0-1 (40)}) 11. Rfe1 e5
12. dxe5 dxe5 13. e4 f4 14. gxf4 Nh5 15. Ne2 (15. f5 $5 Qe7 16. Qc1 $16) 15...
Nxf4 $11 16. Nxf4 Rxf4 17. Bc1 (17. Re3 Nf8 $15) 17... Rf6 (17... Rf7 18. Bb2
Nc5 19. Re3 $15) 18. Be3 (18. Bb2 Rf7 $11) 18... Qf8 (18... Nf8 $5 $17) 19. Qe2
$11 Qe7 20. Qd2 Kh7 21. Qc3 (21. Red1 Qf8 22. Ne1 Nc5 $11) 21... Nf8 22. Rac1 (
22. Qxe5 $5 Re6 23. Qc5 Qxc5 24. Bxc5 Bxa1 25. Rxa1 $15) 22... Rf7 $17 23. Rc2
(23. h3 $5 $17) 23... Bg4 $19 24. Bc1 Qf6 25. Re3 Rd8 26. Rd2 Rxd2 27. Qxd2 Qe6
(27... Ne6 $5 28. Bb2 Qf4 $17) 28. Ne1 $15 g5 29. Qd3 (29. Rg3 $5 $11) 29...
Ng6 $17 30. Qf1 Nh4 31. Rg3 Bf8 (31... Bh5 32. Bb2 $17) 32. Bh3 Bxh3 33. Qxh3
Qg6 34. Qg4 Qf6 (34... Bc5 35. Nd3 Bd4 36. Kf1 $15) 35. Qe2 (35. Be3 b6 $15)
35... Bb4 (35... Bc5 36. Nd3 Bd4 37. Kh1 $17) 36. Nd3 $11 Bc3 37. Nc5 (37. Qh5
$142 Qg6 38. Qxg6+ Kxg6 39. Kf1 $11) 37... Ng6 $4 (37... Bd4 $142 38. Nd3 Ng6
$15) 38. Rxc3 $18 Nf4 (38... Nh4 39. Rg3 $18) 39. Bxf4 Qxf4 (39... gxf4 40. Qh5
b6 41. Nd3 $18) 40. Nd3 (40. Rd3 $5 Qf6 $18) 40... Qf6 41. Kg2 (41. Ne1 Kg8 $18
) 41... Rd7 (41... g4 42. Ne1 Qg6 43. Rg3 $18) 42. Qf3 Qg6 (42... Qxf3+ 43.
Kxf3 Re7 $18) 43. Nxe5 1-0

[Event "AN PASAN Sofia - ALCOR Bucuresti"]
[Site "Vonesta Voda"]
[Date "2016.12.27"]
[Round "2.1"]
[White "Stepanencu, Nicodim-Cosmin"]
[Black "Kolev, Lachezar"]
[Result "1-0"]
[WhiteElo "1688"]
[BlackElo "1856"]
[PlyCount "83"]
[EventDate "2016.12.26"]
[EventType "schev"]
[EventRounds "6"]
[EventCountry "BUL"]

1. e4 c5 2. Nf3 d6 3. d4 cxd4 4. Nxd4 Nf6 5. Nc3 a6 6. Be3 e6 7. f3 b5 8. a3
Bb7 9. Qd2 Nbd7 10. Nb3 (10. O-O-O Be7 11. g4 Nb6 12. h4 Nfd7 13. Bg5 Ne5 14.
f4 Nxg4 15. Rg1 h5 16. Bh3 Nc4 17. Qe2 Rc8 18. Rg3 Bxg5 19. hxg5 e5 20. fxe5
Qxg5+ 21. Kb1 Qxe5 22. Bxg4 Qxg3 23. Bxc8 Bxc8 24. Nf5 Qe5 {
Borja Perez,J-Bernal Moro,L (2430) Ponferrada 1997 0-1 (46)}) (10. Be2 Nb6 11.
O-O-O Rc8 12. g4 Be7 13. g5 Nfd7 14. f4 d5 15. e5 Nc4 16. Bxc4 dxc4 17. Rhf1 g6
18. h4 Nc5 19. Qf2 Qa5 20. Qe1 Na4 21. Bd2 Nxb2 22. Ncxb5 Qa4 23. Kxb2 axb5 24.
Ra1 O-O {Prasitsoonthorn,T (1528)-Tuamsang,S (1920) Bangkok 2015 1-0 (39)})
10... Rc8 11. O-O-O Nb6 $146 (11... Be7 12. g4 Nb6 13. Bxb6 Qxb6 14. Qd4 Qd8
15. Kb1 O-O 16. h4 Nd7 17. Be2 Nb6 18. e5 d5 19. g5 Qc7 20. Bd3 Bxa3 21. Nxb5
axb5 22. bxa3 Na4 23. Rc1 Ra8 24. f4 Rfc8 25. Qb4 Nc3+ 26. Kb2 {
Valle Portillo,J-Reina Carrasco,J Spain 2008 1-0 (50)}) (11... d5 12. g4 dxe4
13. g5 Nd5 14. Nxe4 Qc7 15. Bf2 b4 16. Bg3 e5 17. a4 Ne3 18. Qxd7+ Qxd7 19.
Rxd7 Rxc2+ 20. Kb1 Kxd7 21. Bh3+ Ke8 22. Re1 Ng2 23. Kxc2 Nxe1+ 24. Bxe1 h6 25.
g6 fxg6 26. Bg3 {Vargas,A-Stevanec,L (2040) Medellin 1996 1-0 (49)}) (11... d5
$5 12. exd5 Nxd5 13. Nxd5 Bxd5 $15 (13... exd5 $2 14. Bd4 $18)) 12. Na5 $11 Ba8
13. Qf2 (13. a4 d5 14. Nxb5 Nxa4 15. Nd4 $15) 13... Nfd7 14. Bd4 e5 15. Bxb6
Qxb6 16. Qxb6 Nxb6 17. a4 Nc4 (17... Rxc3 $5 18. bxc3 Nxa4 $11) 18. Nxc4 bxc4
19. Nd5 Bxd5 20. Rxd5 (20. exd5 $143 g6 $11) 20... Be7 21. Be2 O-O (21... Bg5+
22. Kb1 Ke7 23. g3 $11) 22. Rhd1 Rc6 23. c3 Rb8 24. Kc2 g6 25. g4 (25. a5 Rc7
$14) 25... Kg7 $11 26. Rh1 Bh4 27. Rhd1 Rbb6 $4 (27... Be7 $142 $11) 28. a5 $16
Rb8 29. Rxd6 Rbc8 30. R1d5 Bf6 31. Rd7 Kf8 32. Rb7 Re8 (32... Bd8 $18) 33. Rdd7
Be7 (33... Re7 34. Rxe7 Bxe7 35. Rb8+ Kg7 36. Rb6 $18) 34. Rdc7 Rxc7 35. Rxc7
Bd8 36. Rc5 Re7 37. Bxc4 Ra7 (37... Rc7 38. Rd5 Ke7 39. Rxe5+ Kf8 40. Rd5 $18)
38. b4 Kg7 (38... Rc7 39. Rd5 Be7 40. Kb3 $18) 39. Rxe5 Kf6 (39... Kf8 40. Rc5
$18) 40. Rc5 Bc7 41. h3 h6 42. h4 1-0

[Event "AN PASAN Sofia - ALCOR Bucuresti"]
[Site "Vonesta Voda"]
[Date "2016.12.27"]
[Round "2.1"]
[White "Schiopu, Andreea-Alexandra"]
[Black "Nanovski, Stiliyan"]
[Result "1-0"]
[WhiteElo "1620"]
[BlackElo "1781"]
[PlyCount "67"]
[EventDate "2016.12.26"]
[EventType "schev"]
[EventRounds "6"]
[EventCountry "BUL"]

1. d4 Nf6 2. Bg5 g6 3. Bxf6 exf6 4. Nf3 d5 5. e3 Bg7 6. c4 dxc4 7. Bxc4 O-O 8.
O-O f5 9. Nc3 Nd7 10. Rc1 Nb6 11. Bb3 c6 12. Qd2 $146 (12. Qc2 Qd6 13. Rfd1 Be6
14. Ne2 Bd5 15. Nf4 Rfd8 16. Nxd5 Nxd5 17. Bxd5 Qxd5 18. Qc4 Rd7 19. Qxd5 Rxd5
20. g3 Rad8 21. Rf1 Ra5 22. a3 Rd7 23. Rc2 Rb5 24. Rfc1 Bf6 {
1/2 (24) Jones,I (2245)-Dunnington,A (2390) England 1998}) 12... Re8 13. Rfd1
Be6 14. Bxe6 Rxe6 15. Qc2 Rc8 16. Qb3 Rc7 17. a4 Rd7 18. a5 Nd5 19. Nxd5 Rxd5
20. Qxb7 f4 (20... Rb5 21. Qxa7 Rxa5 22. Qb7 $14) 21. Rxc6 $16 (21. Qxa7 $143
Rxa5 22. Qb7 Rb5 $11) 21... fxe3 $4 (21... Rxc6 $142 22. Qxc6 fxe3 23. fxe3
Rxa5 $16) 22. Rc8 $18 exf2+ 23. Kxf2 a6 (23... Qxc8 24. Qxc8+ Bf8 25. Re1 Rxe1
26. Kxe1 $18) 24. Rxd8+ Rxd8 25. d5 Red6 26. b4 R8d7 27. Qc8+ Rd8 28. Qc4 Rb8 (
28... h6 29. b5 axb5 30. Qxb5 $18) 29. Rd3 Bf6 (29... Ba1 30. Ng5 h5 31. Ne4
$18) 30. Qf4 (30. Nd2 $142 Be5 31. Ne4 Rd7 $18) 30... Rbd8 31. Ng5 Kg7 (31...
Bxg5 32. Qxg5 R8d7 $18) 32. Ne4 Rxd5 33. Qxf6+ Kg8 34. Qxd8+ 1-0